[Event "4NCL Division 2b"]
[Site "Telford, ENG"]
[Date "2019.03.16"]
[Round "7.54"]
[White "Lukosius, Rolandas"]
[Black "Moss, Guy"]
[Result "0-1"]
[WhiteElo "2072"]
[BlackElo "2179"]
[PlyCount "102"]
[EventDate "2019.03.16"]
[WhiteTeam "Wessex A"]
[BlackTeam "Barbican 4NCL 2"]

1. d4 d5 2. c4 c6 3. Nf3 Nf6 4. Nc3 dxc4 5. a4 Bf5 6. e3 e6 7. Bxc4 Nbd7 8. O-O
Be7 9. Qe2 O-O 10. h3 Ne4 11. Nxe4 Bxe4 12. Nd2 Bd5 13. Bd3 c5 14. e4 Bc6 15.
d5 Ne5 16. dxc6 Qxd3 17. Qxd3 Nxd3 18. cxb7 Rab8 19. Nc4 Rxb7 20. Rd1 Rd8 21.
Be3 Rb4 22. Na5 Ne5 23. Bf4 Rxd1+ 24. Rxd1 Rxa4 25. Bxe5 Rxa5 26. Rd7 Bf6 27.
Bb8 h6 28. e5 Ra1+ 29. Kh2 Bg5 30. Kg3 Bc1 31. Rxa7 Bxb2 32. Rxa1 Bxa1 33. Kf4
f6 34. exf6 gxf6 35. Ke4 c4 36. Bf4 f5+ 37. Ke3 h5 38. Kd2 e5 39. Bg5 Kf7 40.
Kc2 Ke6 41. f3 Bd4 42. Bh6 e4 43. Bd2 Bf2 44. fxe4 fxe4 45. Kd1 Bd4 46. Be1 Kf5
47. Bg3 e3 48. Bd6 Ke4 49. Ke2 c3 50. Ba3 h4 51. Bc1 Bc5 0-1

[Event "4NCL Division 2b"]
[Site "Telford, ENG"]
[Date "2019.03.16"]
[Round "7.55"]
[White "Hodgson, John H"]
[Black "Pleasants, Allan J"]
[Result "1/2-1/2"]
[WhiteElo "2091"]
[BlackElo "2065"]
[PlyCount "64"]
[EventDate "2019.03.16"]
[WhiteTeam "Barbican 4NCL 2"]
[BlackTeam "Wessex A"]

1. e4 g6 2. d4 Bg7 3. Nc3 d6 4. f4 Nf6 5. Nf3 O-O 6. Bd3 Na6 7. O-O c5 8. d5
Nc7 9. Qe1 Rb8 10. a4 a6 11. a5 b5 12. axb6 Rxb6 13. Na4 Rb8 14. c4 Bd7 15. Nc3
e6 16. e5 Nfe8 17. exd6 Nxd6 18. Be3 Re8 19. Bxc5 exd5 20. Qf2 Nxc4 21. Bxc4
dxc4 22. Ne5 Ne6 23. Be3 Qc7 24. Rfd1 Bb5 25. Nd5 Qb7 26. Rd2 Bc6 27. Rad1 Bxd5
28. Rxd5 Qxb2 29. Qxb2 Rxb2 30. Nxc4 Rc2 31. Nd6 Rb8 32. f5 gxf5 1/2-1/2

[Event "4NCL Division 2b"]
[Site "Telford, ENG"]
[Date "2019.03.16"]
[Round "7.56"]
[White "Mcleod, Fraser"]
[Black "Leon Cazares, Gustavo"]
[Result "0-1"]
[WhiteElo "2077"]
[BlackElo "2059"]
[PlyCount "54"]
[EventDate "2019.03.16"]
[WhiteTeam "Wessex A"]
[BlackTeam "Barbican 4NCL 2"]

1. d4 Nf6 2. c4 g6 3. Nc3 d5 4. cxd5 Nxd5 5. e4 Nxc3 6. bxc3 Bg7 7. Nf3 c5 8.
Rb1 O-O 9. Be2 cxd4 10. cxd4 Qa5+ 11. Bd2 Qxa2 12. O-O Bg4 13. Be3 Nc6 14. Ra1
Qb2 15. Rb1 Qa3 16. d5 Na5 17. Nd4 Nc4 18. Bf4 Bxe2 19. Qxe2 Bxd4 20. Qxc4 Bb6
21. Rb3 Qa2 22. Qb4 Rac8 23. Rb2 Qc4 24. Qxe7 Rfe8 25. Qxb7 Rxe4 26. Bg3 Qxf1+
27. Kxf1 Rc1# 0-1

[Event "4NCL Division 2b"]
[Site "Telford, ENG"]
[Date "2019.03.16"]
[Round "7.57"]
[White "Makepeace, Philip J"]
[Black "De Coverly, Roger D"]
[Result "1-0"]
[WhiteElo "2056"]
[BlackElo "1958"]
[PlyCount "87"]
[EventDate "2019.03.16"]
[WhiteTeam "Barbican 4NCL 2"]
[BlackTeam "Wessex A"]

1. e4 e5 2. Nf3 Nc6 3. d4 exd4 4. Nxd4 Nf6 5. Nxc6 bxc6 6. e5 Qe7 7. Qe2 Nd5 8.
c4 Ba6 9. b3 g6 10. f4 Bg7 11. Qf2 Nb6 12. Ba3 d6 13. Nd2 c5 14. O-O-O O-O-O
15. Bd3 Rhe8 16. Rhe1 Qf8 17. Ne4 Bb7 18. Bc2 Qh8 19. exd6 Bd4 20. Qg3 cxd6 21.
Rxd4 cxd4 22. Nxd6+ Rxd6 23. Rxe8+ Qxe8 24. Bxd6 Qc6 25. c5 Nd7 26. b4 Qxg2 27.
Qe1 Qh1 28. Qxh1 Bxh1 29. Bb3 f5 30. b5 Nf6 31. Be6+ Kd8 32. Bb8 Bd5 33. Bxd5
Nxd5 34. Bxa7 Kc7 35. c6 Nxf4 36. Kd2 Ne6 37. Kd3 g5 38. a4 g4 39. a5 f4 40. a6
Nd8 41. Bxd4 Nxc6 42. bxc6 Kxc6 43. Ke4 g3 44. h4 1-0

[Event "4NCL Division 2b"]
[Site "Telford, ENG"]
[Date "2019.03.16"]
[Round "7.61"]
[White "Bisby, Daniel L"]
[Black "O'Donnell, Conor"]
[Result "1/2-1/2"]
[WhiteElo "2332"]
[BlackElo "2373"]
[PlyCount "51"]
[EventDate "2019.03.16"]
[WhiteTeam "Cambridge University 1"]
[BlackTeam "Gonzaga"]

1. e4 e5 2. Nf3 Nc6 3. Bc4 Nf6 4. d3 Be7 5. O-O O-O 6. a4 d5 7. exd5 Nxd5 8. h3
Bf5 9. Re1 Qd6 10. Nbd2 Nf4 11. Ne4 Qg6 12. Ng3 Bc5 13. Bxf4 exf4 14. Nxf5 Qxf5
15. c3 Bd6 16. d4 a5 17. Qb3 Rab8 18. Qb5 Ne7 19. Qxf5 Nxf5 20. Re2 g6 21. Rae1
Kg7 22. Bd3 Kf6 23. Ne5 Rbe8 24. Ng4+ Kg5 25. Bxf5 f3 26. gxf3 1/2-1/2

[Event "4NCL Division 2b"]
[Site "Telford, ENG"]
[Date "2019.03.16"]
[Round "7.62"]
[White "Wall, Gavin"]
[Black "McClement, Andrew"]
[Result "1/2-1/2"]
[WhiteElo "2315"]
[BlackElo "2231"]
[PlyCount "104"]
[EventDate "2019.03.16"]
[WhiteTeam "Gonzaga"]
[BlackTeam "Cambridge University 1"]

1. e4 c5 2. Nf3 d6 3. d4 cxd4 4. Qxd4 Nc6 5. Bb5 Bd7 6. Bxc6 Bxc6 7. Nc3 Nf6 8.
Bg5 e6 9. O-O-O Be7 10. Rhe1 O-O 11. Kb1 Qa5 12. Qd2 Qa6 13. Nd4 Rfd8 14. f4 h6
15. Bxf6 Bxf6 16. f5 Qc4 17. fxe6 fxe6 18. b3 Qc5 19. h4 Qe5 20. Re3 Bxh4 21.
Nf3 Qf6 22. Nxh4 Qxh4 23. Qd4 Qf6 24. Qxf6 gxf6 25. Rh1 Kf7 26. Rd3 Rh8 27.
Rxd6 Rag8 28. Rd2 Rg4 29. a4 Ke7 30. Re2 h5 31. Rf1 Rhg8 32. Nd5+ Bxd5 33. exd5
e5 34. Rff2 Rd4 35. Rf5 Rxd5 36. Rxh5 Rd1+ 37. Kb2 Rg7 38. a5 Ke6 39. Rh6 Rf1
40. c4 Rf4 41. Kc3 e4 42. Rh8 f5 43. Re8+ Kd7 44. Rb8 Kc7 45. Rf8 Re7 46. Re3
Rf1 47. g3 Kd6 48. Rd8+ Ke5 49. Rd5+ Kf6 50. Rd8 Kg5 51. Rg8+ Kf6 52. Rd8 Kg5
1/2-1/2

[Event "4NCL Division 2b"]
[Site "Telford, ENG"]
[Date "2019.03.16"]
[Round "7.63"]
[White "Hill, Alistair"]
[Black "Li, Henry"]
[Result "1/2-1/2"]
[WhiteElo "2197"]
[BlackElo "2303"]
[PlyCount "75"]
[EventDate "2019.03.16"]
[WhiteTeam "Cambridge University 1"]
[BlackTeam "Gonzaga"]

1. c4 Nf6 2. d4 g6 3. Nc3 Bg7 4. e4 O-O 5. Be2 d6 6. Bg5 Na6 7. Qd2 e5 8. d5 c6
9. f3 h6 10. Be3 Nh5 11. g3 Kh7 12. Bd3 Nc5 13. Nge2 Bh3 14. Rg1 cxd5 15. cxd5
Qa5 16. Bc2 f5 17. exf5 Bxf5 18. g4 Bxc2 19. gxh5 Bf5 20. hxg6+ Kg8 21. Bxc5
Qxc5 22. Rc1 Rac8 23. Ne4 Qb6 24. Rxc8 Rxc8 25. Rg3 Rc4 26. b3 Rb4 27. Qc3 a5
28. Rg2 a4 29. N2g3 Bxg6 30. Ne2 axb3 31. axb3 Rxb3 32. Qc8+ Kh7 33. Rxg6 Rb1+
34. Kd2 Qb2+ 35. Ke3 Qb6+ 36. Kd2 Qb2+ 37. Ke3 Qb6+ 38. Kd2 1/2-1/2

[Event "4NCL Division 2b"]
[Site "Telford, ENG"]
[Date "2019.03.16"]
[Round "7.64"]
[White "Delaney, Killian"]
[Black "Beckett, Chris J"]
[Result "1/2-1/2"]
[WhiteElo "2236"]
[BlackElo "2170"]
[PlyCount "100"]
[EventDate "2019.03.16"]
[WhiteTeam "Gonzaga"]
[BlackTeam "Cambridge University 1"]

1. e4 e6 2. d4 d5 3. Nd2 c5 4. exd5 Qxd5 5. Ngf3 cxd4 6. Bc4 Qd7 7. O-O Nc6 8.
Nb3 a6 9. a4 Nf6 10. Qe2 Bd6 11. Rd1 e5 12. Nbxd4 O-O 13. Nxc6 Qxc6 14. h3 Bc7
15. Be3 Bf5 16. b4 Be6 17. Nd2 Bxc4 18. Qxc4 Qxc4 19. Nxc4 b5 20. Nb2 Rfb8 21.
axb5 axb5 22. Rxa8 Rxa8 23. c4 bxc4 24. Nxc4 Rb8 25. Bc5 Ne4 26. Rd7 Rc8 27.
Be7 Nf6 28. Bxf6 gxf6 29. b5 Bb8 30. Nb6 Rc1+ 31. Kh2 e4+ 32. g3 e3 33. fxe3
Rc2+ 34. Kh1 Kg7 35. Nd5 Rb2 36. b6 Bxg3 37. b7 Be5 38. Ne7 Rh2+ 39. Kg1 Rb2
40. Nc6 Rb6 41. Nxe5 fxe5 42. Kg2 Rb4 43. Kf3 Kg6 44. e4 h6 45. Ke3 f5 46.
exf5+ Kxf5 47. Kd3 Kf4 48. Rf7+ Kg3 49. Kc3 Rb1 50. Kd2 h5 1/2-1/2

[Event "4NCL Division 2b"]
[Site "Telford, ENG"]
[Date "2019.03.16"]
[Round "7.65"]
[White "Robertson, J Stuart"]
[Black "Menzies, Colin"]
[Result "1-0"]
[WhiteElo "2149"]
[BlackElo "2187"]
[PlyCount "83"]
[EventDate "2019.03.16"]
[WhiteTeam "Cambridge University 1"]
[BlackTeam "Gonzaga"]

1. d4 Nf6 2. c4 b6 3. f3 Nc6 4. Nc3 e5 5. d5 Na5 6. e3 c6 7. Bd3 Ba6 8. Qe2 Nb7
9. e4 Nc5 10. Bc2 cxd5 11. exd5 d6 12. Nh3 Be7 13. O-O O-O 14. b3 Ne8 15. f4
Bc8 16. fxe5 Bxh3 17. exd6 Bf6 18. Qh5 Bd4+ 19. Kh1 Bxg2+ 20. Kxg2 g6 21. Qh3
f5 22. Bh6 Rf7 23. Rad1 Bxc3 24. Qxc3 Nxd6 25. Bc1 Nce4 26. Qf3 Qf6 27. Rde1
Raf8 28. Bb1 g5 29. Re2 Qc3 30. Qh5 f4 31. Rxe4 f3+ 32. Kh1 Nxe4 33. Bxe4 Qd4
34. Qxg5+ Rg7 35. Qh4 Qa1 36. Bxf3 h6 37. Qxh6 Qd4 38. Qe6+ Kh8 39. Qh6+ Kg8
40. Qe6+ Kh8 41. Qe3 Qa1 42. Qe2 1-0

[Event "4NCL Division 2b"]
[Site "Telford, ENG"]
[Date "2019.03.16"]
[Round "7.66"]
[White "Freeman, Gordon"]
[Black "Stanisz, Patryk"]
[Result "1/2-1/2"]
[WhiteElo "2104"]
[BlackElo "2141"]
[PlyCount "99"]
[EventDate "2019.03.16"]
[WhiteTeam "Gonzaga"]
[BlackTeam "Cambridge University 1"]

1. d4 f5 2. Nc3 d5 3. Bf4 Nf6 4. h3 e6 5. e3 a6 6. a3 c5 7. Nf3 Nc6 8. g4 cxd4
9. exd4 Bd6 10. Qd2 Ne4 11. Nxe4 Bxf4 12. Nf6+ Qxf6 13. Qxf4 fxg4 14. Qxf6 gxf6
15. hxg4 e5 16. dxe5 Bxg4 17. Nh2 Nxe5 18. Nxg4 Nxg4 19. Bd3 h6 20. Bf5 Ne5 21.
O-O-O Rd8 22. f4 Nc6 23. Rhe1+ Kf8 24. Re6 Kf7 25. Rde1 h5 26. c3 d4 27. cxd4
Rxd4 28. R6e4 Rxe4 29. Bxe4 Rd8 30. Rh1 Rh8 31. Rh4 Rh6 32. Kd2 a5 33. Ke3 Nd8
34. f5 Nc6 35. Bxc6 bxc6 36. Kd4 Ke7 37. Kc5 Kd7 38. Rd4+ Kc7 39. Rd6 h4 40.
Rxc6+ Kb7 41. Re6 h3 42. Re7+ Kc8 43. Re1 Rh5 44. Kc6 Kd8 45. Rh1 a4 46. Kd6
Ke8 47. Ke6 Rh6 48. Rc1 Kf8 49. Rc8+ Kg7 50. Rc7+ 1/2-1/2

[Event "4NCL Division 2b"]
[Site "Telford, ENG"]
[Date "2019.03.16"]
[Round "7.67"]
[White "Chan, Nevil"]
[Black "Bourached, Anthony"]
[Result "1-0"]
[WhiteElo "2016"]
[BlackElo "2044"]
[PlyCount "117"]
[EventDate "2019.03.16"]
[WhiteTeam "Cambridge University 1"]
[BlackTeam "Gonzaga"]

1. d4 Nf6 2. Nc3 d5 3. Bg5 c5 4. Bxf6 exf6 5. e3 Nc6 6. Nge2 Be6 7. g3 cxd4 8.
exd4 Bb4 9. Bg2 O-O 10. O-O Rc8 11. Nb1 Bd6 12. c3 Na5 13. Nd2 Nc4 14. Nxc4
Rxc4 15. Qd2 Qb8 16. f4 f5 17. Nc1 b5 18. b3 Rc7 19. a3 Rfc8 20. Rf3 a5 21. b4
Qa8 22. Nb3 axb4 23. axb4 Ra7 24. Rxa7 Qxa7 25. Bf1 Qb7 26. Bd3 Qc6 27. Nc5 Ra8
28. Qb2 Bc8 29. Rf1 Qe8 30. Kf2 f6 31. Re1 Qh5 32. h4 g5 33. Qe2 Qxe2+ 34. Rxe2
gxf4 35. gxf4 Bxf4 36. Bxb5 Kf7 37. Bc6 Ra3 38. Bxd5+ Kg6 39. Bb3 Bd6 40. Ra2
Rxa2+ 41. Bxa2 f4 42. Kf3 Bh3 43. Nd3 Kf5 44. Nf2 Bf1 45. Bb1+ Ke6 46. Bxh7 f5
47. Bg8+ Kf6 48. Bd5 Kg6 49. Bc6 Kh5 50. b5 Kxh4 51. b6 Kg5 52. Bd5 Kf6 53. c4
Bb8 54. c5 Ba6 55. Nh3 Ke7 56. Nxf4 Kf6 57. Bc6 Bc4 58. Nd5+ Kg5 59. Nc7 1-0

[Event "4NCL Division 2b"]
[Site "Telford, ENG"]
[Date "2019.03.16"]
[Round "7.68"]
[White "Carroll, Peter"]
[Black "York-Andersen, Anna"]
[Result "1-0"]
[WhiteElo "1994"]
[BlackElo "1758"]
[PlyCount "123"]
[EventDate "2019.03.16"]
[WhiteTeam "Gonzaga"]
[BlackTeam "Cambridge University 1"]

1. e4 c6 2. d4 d5 3. e5 c5 4. dxc5 Nc6 5. a3 Nxe5 6. Bb5+ Nc6 7. c4 e6 8. cxd5
exd5 9. b4 a5 10. Bb2 Qg5 11. Nf3 Qe7+ 12. Kf1 Nf6 13. Nc3 Be6 14. Na4 Nd7 15.
Nc3 axb4 16. Nxd5 Bxd5 17. Qxd5 Qxc5 18. Qxc5 Bxc5 19. Bxg7 Rg8 20. axb4 Rxa1+
21. Bxa1 Bxb4 22. g3 Rg6 23. Bd3 Rh6 24. h4 Nf8 25. Bg7 Rd6 26. Bc2 Ne6 27. Bb2
h5 28. Kg2 b5 29. Rd1 Kd7 30. Ne5+ Nxe5 31. Bxe5 Rxd1 32. Bxd1 Bc5 33. Bxh5 Ke7
34. Kf3 b4 35. Bb2 Bd4 36. Bc1 b3 37. Ba3+ Ke8 38. Bg4 b2 39. Bf5 Kd7 40. Ke2
Bc3 41. Kd1 Kc6 42. Kc2 Be1 43. Bxe6 fxe6 44. h5 b1=Q+ 45. Kxb1 Bd2 46. Kc2 Bg5
47. f4 Bh6 48. Kd3 Kd5 49. Bb2 Kd6 50. Ke4 Ke7 51. g4 Kf7 52. g5 Bf8 53. h6 Kg6
54. Bg7 Bxg7 55. hxg7 Kxg7 56. Ke5 Kf7 57. Kd6 Kg6 58. Kxe6 Kg7 59. Ke7 Kg6 60.
Ke6 Kg7 61. f5 Kg8 62. Ke7 1-0

[Event "4NCL Division 2b"]
[Site "Telford, ENG"]
[Date "2019.03.16"]
[Round "7.71"]
[White "Grieve, Harry"]
[Black "Zeidler, Sven P"]
[Result "1/2-1/2"]
[WhiteElo "2251"]
[BlackElo "2164"]
[PlyCount "66"]
[EventDate "2019.03.16"]
[WhiteTeam "Guildford 3"]
[BlackTeam "West is Best 2"]

1. d4 f5 2. Bg5 g6 3. Nd2 Bg7 4. e3 h6 5. Bh4 d6 6. Bc4 Nf6 7. Bxf6 Bxf6 8. Ne2
e5 9. dxe5 dxe5 10. c3 Nc6 11. a4 Rh7 12. e4 Bg5 13. Nf3 fxe4 14. Nxg5 Qxg5 15.
Qd5 Rg7 16. Rd1 Qxg2 17. Rg1 Qf3 18. b4 Bg4 19. b5 Rd8 20. Qc5 Rxd1+ 21. Kxd1
Na5 22. Qxe5+ Kf8 23. Rxg4 Rd7+ 24. Ke1 Qxg4 25. Be6 Qf3 26. Bxd7 Qh1+ 27. Ng1
Qxg1+ 28. Ke2 Qg5 29. Qxc7 Nb3 30. Be6 Qd2+ 31. Kf1 Qd1+ 32. Kg2 Qf3+ 33. Kg1
Qd1+ 1/2-1/2

[Event "4NCL Division 2b"]
[Site "Telford, ENG"]
[Date "2019.03.16"]
[Round "7.72"]
[White "Bullen, Alex"]
[Black "Emerson, Roger"]
[Result "0-1"]
[WhiteElo "2114"]
[BlackElo "2173"]
[PlyCount "124"]
[EventDate "2019.03.16"]
[WhiteTeam "West is Best 2"]
[BlackTeam "Guildford 3"]

1. d4 d5 2. Nf3 Nf6 3. c4 e6 4. g3 dxc4 5. Bg2 a6 6. O-O Nc6 7. e3 Rb8 8. Nfd2
e5 9. Nxc4 exd4 10. exd4 Be6 11. Ne5 Nxe5 12. dxe5 Qxd1 13. Rxd1 Ng4 14. Bf4
Bc5 15. Rd2 Rg8 16. Rc2 Bb6 17. h4 h6 18. h5 g5 19. hxg6 fxg6 20. Bh3 Bf5 21.
Re2 Nxf2 22. Bxf5 Ng4+ 23. Kg2 gxf5 24. Nd2 Rd8 25. Nf3 Rd3 26. Rh1 Ne3+ 27.
Bxe3 Bxe3 28. Ne1 Rd2 29. Rxd2 Bxd2 30. Kf3 Bxe1 31. Rxe1 Ke7 32. Rc1 c6 33.
Rd1 Ke6 34. Rd6+ Kxe5 35. Rxh6 Rg7 36. Rh4 c5 37. Rc4 b6 38. Rc2 Rd7 39. Re2+
Kf6 40. Rc2 Rd3+ 41. Kf4 Rd4+ 42. Ke3 Ke5 43. Rf2 Re4+ 44. Kd2 c4 45. Rf3 b5
46. Ra3 Rd4+ 47. Ke2 Rd6 48. Re3+ Kf6 49. b3 Re6 50. bxc4 bxc4 51. Rxe6+ Kxe6
52. Kd2 Kd5 53. Kc3 Ke4 54. Kxc4 Kf3 55. Kc5 Kxg3 56. Kb6 f4 57. Kxa6 f3 58. a4
f2 59. a5 f1=Q+ 60. Kb6 Qf8 61. Kb7 Qb4+ 62. Ka6 Kf4 0-1

[Event "4NCL Division 2b"]
[Site "Telford, ENG"]
[Date "2019.03.16"]
[Round "7.73"]
[White "Stoyanov, Viktor"]
[Black "Morris, Charles F"]
[Result "1-0"]
[WhiteElo "2213"]
[BlackElo "2100"]
[PlyCount "65"]
[EventDate "2019.03.16"]
[WhiteTeam "Guildford 3"]
[BlackTeam "West is Best 2"]

1. c4 e5 2. Nc3 d6 3. Nf3 f5 4. d4 e4 5. Ng5 Be7 6. Nh3 Nf6 7. e3 O-O 8. Be2 c6
9. O-O Na6 10. f3 Nc7 11. d5 cxd5 12. cxd5 exf3 13. Bxf3 b5 14. Nf2 Bb7 15. b4
a5 16. Nd3 Qd7 17. bxa5 Rxa5 18. Nb4 Raa8 19. Rb1 Kh8 20. h3 Rfe8 21. Qd3 Bf8
22. Be2 Re5 23. Bf3 Ree8 24. Bd2 Ra3 25. Qd4 Qc8 26. Rbc1 Qd7 27. Rc2 Re5 28.
Rfc1 Ra8 29. Rb1 Qf7 30. Nd3 Ree8 31. Nxb5 Ncxd5 32. Nc7 Rec8 33. Rxb7 1-0

[Event "4NCL Division 2b"]
[Site "Telford, ENG"]
[Date "2019.03.16"]
[Round "7.74"]
[White "Taylor, William J"]
[Black "Osborne, Marcus E"]
[Result "0-1"]
[WhiteElo "2072"]
[BlackElo "2169"]
[PlyCount "102"]
[EventDate "2019.03.16"]
[WhiteTeam "West is Best 2"]
[BlackTeam "Guildford 3"]

1. e4 c5 2. Nf3 d6 3. d4 cxd4 4. Nxd4 Nf6 5. Nc3 Nc6 6. Be2 e5 7. Nf3 h6 8. O-O
Be7 9. Re1 O-O 10. Bf1 Be6 11. Nd5 Bxd5 12. exd5 Nb8 13. Nh4 Ne8 14. Nf5 Bg5
15. c4 Nd7 16. Qg4 Bxc1 17. Raxc1 Qg5 18. Qh3 Ndf6 19. Rc3 Nh5 20. Ng3 Nxg3 21.
Rxg3 Qf4 22. Ree3 f5 23. Ref3 Qc1 24. Rxf5 Nf6 25. Rff3 Ne4 26. Qe6+ Kh8 27.
Qg6 Nxg3 28. Rxg3 Rg8 29. Qxd6 Qxb2 30. Rg6 Qc2 31. Re6 Rae8 32. Qxe5 Qg6 33.
Rxg6 Rxe5 34. Rg3 Rd8 35. Ra3 b5 36. f3 Rd7 37. Kf2 bxc4 38. Bxc4 Rc7 39. Bb3
Rce7 40. Ra4 Re2+ 41. Kg3 Rd2 42. Re4 Rf7 43. Rc4 g5 44. Rc8+ Kg7 45. Re8 Rc7
46. Ra8 h5 47. Rd8 Rc1 48. Rd7+ Kf6 49. Rd6+ Kf5 50. Rd8 Rg1 51. Rf8+ Ke5 0-1

[Event "4NCL Division 2b"]
[Site "Telford, ENG"]
[Date "2019.03.16"]
[Round "7.75"]
[White "Chavannes, Ivar"]
[Black "Freeland, Alex"]
[Result "0-1"]
[WhiteElo "2093"]
[BlackElo "2043"]
[PlyCount "80"]
[EventDate "2019.03.16"]
[WhiteTeam "Guildford 3"]
[BlackTeam "West is Best 2"]

1. d4 Nf6 2. Nf3 e6 3. c4 d5 4. Nc3 Bb4 5. cxd5 exd5 6. Qa4+ Nc6 7. Bg5 h6 8.
Bh4 g5 9. Bg3 Ne4 10. Rc1 O-O 11. e3 Bd7 12. Qb3 Be6 13. Bd3 Qe7 14. O-O Rfd8
15. Bxe4 dxe4 16. d5 exf3 17. dxe6 Qxe6 18. Qxe6 fxe6 19. Nb5 fxg2 20. Kxg2
Rac8 21. Bxc7 Rd5 22. a4 a6 23. e4 Rd2 24. Be5 axb5 25. axb5 Ne7 26. Rxc8+ Nxc8
27. Rc1 Ne7 28. Rc7 b6 29. Bc3 Bxc3 30. bxc3 Kf7 31. Rb7 Rc2 32. Rxb6 Rxc3 33.
Rb7 g4 34. b6 Rb3 35. e5 h5 36. Kf1 Rb5 37. Rb8 Ng6 38. b7 Kg7 39. Re8 Rxb7 40.
Rxe6 Rb1+ 0-1

[Event "4NCL Division 2b"]
[Site "Telford, ENG"]
[Date "2019.03.16"]
[Round "7.76"]
[White "Homer, Stephen J"]
[Black "Punnett, Alan K"]
[Result "0-1"]
[WhiteElo "2059"]
[BlackElo "1986"]
[PlyCount "66"]
[EventDate "2019.03.16"]
[WhiteTeam "West is Best 2"]
[BlackTeam "Guildford 3"]

1. d4 Nf6 2. Nf3 d5 3. c4 dxc4 4. e3 Bg4 5. Bxc4 e6 6. h3 Bh5 7. Nc3 Nbd7 8. g4
Bg6 9. Nh4 Bb4 10. Nxg6 hxg6 11. a3 Bxc3+ 12. bxc3 Nb6 13. Be2 c6 14. c4 Qc7
15. Bd2 Ne4 16. Ba5 Qe7 17. Bd3 Ng5 18. Bf1 Qf6 19. f4 Ne4 20. g5 Qf5 21. c5
Nd5 22. Qf3 Nxg5 23. Qg3 Qe4 24. O-O-O Qxh1 25. Bg2 Ne4 26. Qf3 Qh2 27. Qxe4
Qg3 28. Rd3 Nf6 29. Qf3 Qxf3 30. Bxf3 Rxh3 31. Bg2 Rg3 32. Bf1 Rg1 33. Rd1 Ke7
0-1

[Event "4NCL Division 2b"]
[Site "Telford, ENG"]
[Date "2019.03.16"]
[Round "7.77"]
[White "Shepley, Julien M"]
[Black "Howell, Oliver W"]
[Result "1-0"]
[WhiteElo "1931"]
[BlackElo "1997"]
[PlyCount "57"]
[EventDate "2019.03.16"]
[WhiteTeam "Guildford 3"]
[BlackTeam "West is Best 2"]

1. e4 e6 2. d4 d5 3. Nd2 Nf6 4. e5 Nfd7 5. Bd3 c5 6. c3 Nc6 7. Ne2 cxd4 8. cxd4
f6 9. exf6 Nxf6 10. O-O Bd6 11. Nf3 O-O 12. Bg5 Qc7 13. Rc1 Nh5 14. Ng3 Nf4 15.
Bb1 Bd7 16. Re1 Rae8 17. Ne5 Bxe5 18. dxe5 Qb6 19. Bxf4 Rxf4 20. Qh5 h6 21. Qg6
Ne7 22. Qh7+ Kf7 23. Nh5 Rg4 24. Nf6 Rf4 25. Nxd7 Qxf2+ 26. Kh1 Rc8 27. Nf6
Rxc1 28. Bg6+ Kf8 29. Nd7# 1-0

[Event "4NCL Division 2b"]
[Site "Telford, ENG"]
[Date "2019.03.16"]
[Round "7.78"]
[White "Jukes, Sam"]
[Black "Stimpson, Philip M"]
[Result "0-1"]
[WhiteElo "1913"]
[BlackElo "1910"]
[PlyCount "68"]
[EventDate "2019.03.16"]
[WhiteTeam "West is Best 2"]
[BlackTeam "Guildford 3"]

1. e4 d5 2. exd5 Nf6 3. Bb5+ Nbd7 4. c4 a6 5. Bxd7+ Qxd7 6. d3 c6 7. dxc6 Qxc6
8. Nf3 Bg4 9. Nbd2 Rd8 10. Qe2 e6 11. O-O Bb4 12. Ne4 Nxe4 13. Qxe4 Bf5 14.
Qxc6+ bxc6 15. Rd1 Rxd3 16. Rxd3 Bxd3 17. Ne5 Be4 18. f3 Bc5+ 19. Kh1 f6 20.
fxe4 fxe5 21. h3 Rf8 22. Bd2 Rf2 23. Bc3 Bd4 24. Rd1 c5 25. a3 Ke7 26. Bxd4
exd4 27. b4 cxb4 28. axb4 e5 29. Ra1 Rb2 30. Ra5 Rxb4 31. Rxe5+ Kf6 32. Ra5
Rxc4 33. Rxa6+ Ke5 34. Ra7 d3 0-1

[Event "4NCL Division 2b"]
[Site "Telford, ENG"]
[Date "2019.03.16"]
[Round "7.81"]
[White "Makkar, Rajat"]
[Black "Grant, David J"]
[Result "1-0"]
[WhiteElo "2139"]
[BlackElo "2222"]
[PlyCount "66"]
[EventDate "2019.03.16"]
[WhiteTeam "Grantham Sharks 2"]
[BlackTeam "Sussex Martlets 1"]

1. d4 Nf6 2. c4 g6 3. g3 Bg7 4. Bg2 O-O 5. Nc3 d6 6. Nf3 Nc6 7. O-O a6 8. d5
Na5 9. Nd2 c5 10. Qc2 Rb8 11. b3 b5 12. Bb2 bxc4 13. bxc4 Bh6 14. f4 Ng4 15.
Nd1 Rxb2 16. Qxb2 Bg7 17. Qc1 Bxa1 18. Qxa1 Qb6 19. h3 Qb4 20. Qc1 Nf6 21. e4
Bd7 22. e5 Nh5 23. Kh2 f5 24. a3 Qb6 25. Qc3 Rb8 26. Ne3 Rb7 27. g4 Ng7 28. e6
Be8 29. gxf5 gxf5 30. Bf3 Bg6 31. h4 h5 32. Rg1 Kh7 33. Rg5 Nb3 {Score sheet
unclear} 1-0

[Event "4NCL Division 2b"]
[Site "Telford, ENG"]
[Date "2019.03.16"]
[Round "7.82"]
[White "Payne, Matthew J"]
[Black "Birtwistle, Nigel"]
[Result "1-0"]
[WhiteElo "2275"]
[BlackElo "2147"]
[PlyCount "99"]
[EventDate "2019.03.16"]
[WhiteTeam "Sussex Martlets 1"]
[BlackTeam "Grantham Sharks 2"]

1. e4 c5 2. Nf3 g6 3. Bc4 Bg7 4. c3 e6 5. O-O Nc6 6. d4 cxd4 7. Nxd4 a6 8. Nxc6
bxc6 9. Re1 Ne7 10. Qd6 O-O 11. Be3 Re8 12. Bd4 f6 13. Rd1 Qa5 14. Nd2 Bf8 15.
Qf4 Bg7 16. Bxf6 Rf8 17. Qg5 Qxg5 18. Bxg5 Rf7 19. Nb3 d5 20. Be2 h6 21. Be3
Rb8 22. Rab1 dxe4 23. Nc5 Nd5 24. Bd4 e5 25. Be3 Kh7 26. Bc4 Nxe3 27. fxe3 Rf5
28. Nxe4 Rf8 29. b4 a5 30. a3 axb4 31. axb4 Bf5 32. Bd3 Rfd8 33. Bc2 Rxd1+ 34.
Rxd1 Ra8 35. Bd3 Rd8 36. Nf2 Ra8 37. g4 Bxd3 38. Rxd3 g5 39. Rd6 Rc8 40. Ne4
Bf8 41. Re6 c5 42. b5 c4 43. Rxe5 Bg7 44. Re6 Kg8 45. Ra6 Re8 46. Nd6 Rxe3 47.
b6 Re1+ 48. Kf2 Rb1 49. b7 Kh7 50. Ra8 1-0

[Event "4NCL Division 2b"]
[Site "Telford, ENG"]
[Date "2019.03.16"]
[Round "7.83"]
[White "Murphy, Hugh W"]
[Black "Miller, Dominic"]
[Result "1/2-1/2"]
[WhiteElo "2101"]
[BlackElo "2177"]
[PlyCount "87"]
[EventDate "2019.03.16"]
[WhiteTeam "Grantham Sharks 2"]
[BlackTeam "Sussex Martlets 1"]

1. e4 e6 2. Nf3 d5 3. e5 c5 4. b4 cxb4 5. d4 Nc6 6. a3 Bd7 7. axb4 Bxb4+ 8. c3
Be7 9. Bd3 a6 10. O-O Rc8 11. Re1 Na5 12. h4 h6 13. h5 Nc4 14. Bc2 Bc6 15. Nfd2
Bg5 16. Qg4 Bxd2 17. Nxd2 Qg5 18. Qd1 Qh4 19. Bd3 Bb5 20. g3 Qd8 21. Nb3 Ne7
22. Nc5 Qb6 23. Qg4 Kf8 24. Rb1 Qc6 25. Bxc4 dxc4 26. Ba3 Kg8 27. Ne4 Nd5 28.
Re3 Rc7 29. Rf3 Ba4 30. Rc1 a5 31. Nd6 Nb6 32. Bc5 Nc8 33. Ne4 Kh7 34. Bd6 Nxd6
35. exd6 Rd7 36. Nc5 Rf8 37. Nxd7 Qxd7 38. d5 exd5 39. Qf4 Bc6 40. Re1 d4 41.
Re7 Qh3 42. Rxf7 Rxf7 43. Qxf7 Bxf3 44. Qg6+ 1/2-1/2

[Event "4NCL Division 2b"]
[Site "Telford, ENG"]
[Date "2019.03.16"]
[Round "7.84"]
[White "Cumming, Rhys"]
[Black "Tavares, Shawn P"]
[Result "1-0"]
[WhiteElo "2200"]
[BlackElo "2152"]
[PlyCount "103"]
[EventDate "2019.03.16"]
[WhiteTeam "Sussex Martlets 1"]
[BlackTeam "Grantham Sharks 2"]

1. e4 c5 2. Nf3 e6 3. b3 Nc6 4. Bb2 d6 5. d4 cxd4 6. Nxd4 Nf6 7. Nxc6 bxc6 8.
e5 dxe5 9. Qxd8+ Kxd8 10. Bxe5 Ng4 11. Bg3 Bb4+ 12. Nd2 Ke7 13. a3 Bc3 14.
O-O-O Rd8 15. Be2 Nf6 16. Bf3 Bb7 17. Nc4 Nd5 18. Be5 Bxe5 19. Nxe5 f6 20. Nd3
Nc3 21. Rd2 Nb5 22. Rhd1 Rab8 23. Nc5 Rxd2 24. Rxd2 Bc8 25. a4 Nc3 26. Bxc6 Rb6
27. Bf3 Na2+ 28. Kb2 Nb4 29. c3 Nc6 30. b4 Ne5 31. Be2 Rd6 32. Rxd6 Kxd6 33.
Kb3 Nc6 34. Ne4+ Ke5 35. Nd2 Bd7 36. Nc4+ Kf5 37. b5 Nd8 38. Kb4 e5 39. a5 Ke6
40. Ne3 f5 41. c4 Bc8 42. a6 Kd6 43. c5+ Kc7 44. Bc4 f4 45. Nd5+ Kb8 46. Ne7 f3
47. gxf3 Bh3 48. b6 g5 49. Bd5 Bf1 50. Ka5 Be2 51. bxa7+ Kxa7 52. Nc8+ 1-0